Theories of the multinational firm (Record no. 1643)

MARC details
000 -CABECERA
campo de control de longitud fija 01740cam a2200301 a 4500
001 - NÚMERO DE CONTROL
campo de control 6114373
003 - IDENTIFICADOR DEL NÚMERO DE CONTROL
campo de control CaAEU
005 - FECHA Y HORA DE LA ÚLTIMA TRANSACCIÓN
campo de control 20260515113127.0
008 - DATOS DE LONGITUD FIJA--INFORMACIÓN GENERAL
campo de control de longitud fija 121121s2013 enk e b 001 0 eng
015 ## - NÚMERO DE BIBLIOGRAFÍA NACIONAL
Número de bibliografía nacional GBB2A9939
Fuente bnb
016 7# - NÚMERO DE CONTROL DE UNA AGENCIA BIBLIOGRÁFICA NACIONAL
Número de control del registro 016199928
Fuente Uk
020 ## - NÚMERO INTERNACIONAL ESTÁNDAR DEL LIBRO
Número Internacional Estándar del Libro 9781781958179
035 ## - NÚMERO DE CONTROL DEL SISTEMA
Número de control de sistema ocn828722485
040 ## - FUENTE DE LA CATALOGACIÓN
Centro catalogador/agencia de origen AU@
Lengua de catalogación eng
Centro/agencia transcriptor AU@
Centro/agencia modificador OCLCO
-- CDX
-- UKMGB
-- YDXCP
-- AEU
041 ## - CÓDIGO DE LENGUA
Código de lengua del texto/banda sonora o título independiente eng
050 #4 - SIGNATURA TOPOGRÁFICA DE LA BIBLIOTECA DEL CONGRESO
Número de clasificación HD 2755.5
Número de documento/Ítem .F695 2013
100 ## - ENTRADA PRINCIPAL--NOMBRE DE PERSONA
Nombre de persona Forsgren, Mats
9 (RLIN) 21291
Término indicativo de función/relación author
245 10 - MENCIÓN DE TÍTULO
Título Theories of the multinational firm
Resto del título : a multidimensional creature in the global economy
Mención de responsabilidad, etc. / Mats Forsgren.
250 ## - MENCIÓN DE EDICIÓN
Mención de edición Second edition.
260 ## - PUBLICACIÓN, DISTRIBUCIÓN, ETC.
Lugar de publicación, distribución, etc. Cheltenham :
Nombre del editor, distribuidor, etc. Edward Elgar,
Fecha de publicación, distribución, etc. 2013.
300 ## - DESCRIPCIÓN FÍSICA
Extensión viii, 203 pages ;
Dimensiones 22 cm.
500 ## - NOTA GENERAL
Nota general Previous ed.: 2008.
504 ## - NOTA DE BIBLIOGRAFÍA, ETC.
Nota de bibliografía, etc. Includes bibliographical references (p. 182-188) and index.
520 ## - SUMARIO, ETC.
Sumario, etc. This expanded and updated edition of a successful textbook will be required reading for both undergraduate and postgraduate students of international business, international management and international economy courses. The current debate about the multinational firm as an actor in the global economy is intense and many-sided. This thoroughly accessible and compact textbook presents, analyses and compares six different theories of the multinational firm that have dominated the research in international business during the last four decades. The author discloses the basic building blocks and assumptions behind each theory so the reader can reach a better understanding of why the multinational firm is looked upon in so many different ways by researchers and stakeholders.
630 #0 - PUNTO DE ACCESO ADICIONAL DE MATERIA--TÍTULO UNIFORME
Título uniforme MSc International Business
9 (RLIN) 26977
650 #0 - PUNTO DE ACCESO ADICIONAL DE MATERIA--TÉRMINO DE MATERIA
Término de materia o nombre geográfico como elemento de entrada International business enterprises
9 (RLIN) 4692
942 ## - ELEMENTOS DE ENTRADA AGREGADA (KOHA)
Fuente del sistema de clasificación o colocación Clasificación de Library of Congress
Holdings
Estado de retiro Estado de pérdida Fuente del sistema de clasificación o colocación Estado dañado No para préstamo Biblioteca de origen Biblioteca actual Ubicación en estantería Fecha de adquisición Total de préstamos Signatura topográfica completa Código de barras Fecha visto por última vez Precio válido a partir de Tipo de ítem Koha
    Clasificación de Library of Congress     TBS Barcelona TBS Barcelona Libre acceso 21/03/2019   HD2755.5 FOR B01417 23/01/2020 05/03/2023 Book

Powered by Koha